Statistiques concernant Mangas et leurs auteurs

Cliquez ici pour prendre le quiz!

Statistiques générales

  • Ce quiz a été pris 72 fois
  • Le résultat moyen est 10 sur 37

Statistiques - réponses

MangasAuteurs% Correct
One PieceEiichiro Oda
98%
Naruto, Samurai 8Masashi Kishimoto
80%
Dragon Ball, Dr. SlumpAkira Toriyama
74%
Bleach, Burn The WitchTite Kubo
63%
Fairy Tail, Edens Zero, RaveHiro Mashima
54%
L'Attaque Des TitansHajime Isayama
50%
BerserkKentaro Miura
44%
Hunter x Hunter, Yū Yū HakushoYoshihiro Togashi
43%
JoJo's Bizarre Adventure, BaohHirohiko Araki
41%
My Hero AcademiaKōhei Horikoshi
37%
Sun-Ken RockBoichi
35%
Slam Dunk, VagabondTakehiko Inoue
35%
Chainsaw Man, Fire PunchTatsuki Fujimoto
31%
Jujutsu KaisenGege Akutami
30%
Death Note, Bakuman., Platinum EndTsugumi Ōba
30%
Dororo, Astro Boy, Black JackOsamu Tezuka
26%
Spirale, Tomie, GyoJunji Itō
22%
Fullmetal Alchemist, The Heroic Legend Of ArslânHiromu Arakawa
20%
Demon SlayerKoyoharu Gotōge
20%
Vinland Saga, PlanetesMakoto Yukimura
19%
Black CloverYuki Tabata
19%
Kaguya Sama - Love Is War, Oshi No KoAka Akasaka
15%
Fire Force, Soul EaterAtsushi Ōkubo
15%
Devilman, Goldorak, Mazinger ZGō Nagai
15%
Assassination Classroom, The Elusive SamuraiYusei Matsui
13%
Spy x FamilyTatsuya Endo
11%
GTOToru Fujisawa
11%
Les Mémoires de Vanitas, Pandora HeartsJun Mochizuki
9%
Tokyo RevengersKen Wakui
9%
Gantz, GigantHiroya Oku
7%
Shaman KingHiroyuki Takei
7%
ParasiteHitoshi Iwaaki
7%
Sky-High Survival, AjinTsuina Miura
7%
Miss Kobayashi's Dragon MaidCoolkyousinnjya
6%
DorohedoroQ Hayashida
6%
Kengan Ashura, Dumbbell : Combien tu peux soulever ?Sandrovich Yabako
6%
Terra FormarsYu Sasuga
6%

Distribution des résultats

Percentile par nombre de réponses

% des personnes avec chaque résultat

Votre développement - résultats

Vous n’avez pas pris ce quiz